000 00525nam a22001817a 4500
003 NUST
005 20260217110622.0
008 260217b ||||| |||| 00| 0 eng d
020 _a978-0072924541
082 _a526.982
_bWOL
100 _aPaul Wolf, Bon DeWitt.
_9133289
245 _aElements of Photogrammetry with Applications in GIS /
_cPaul Wolf, Bon DeWitt.
250 _a3rd Edition.
260 _aSingapore:
_bMcGraw-Hill Science,
_c2000
300 _a608 p ;
_c32.2 cm
563 _aPhotocopy.
942 _2ddc
_cBK
999 _c616256
_d616256